=LDR 00000nam 2200000 4500 =001 INLIS000000000016062 =005 20260526102452 =035 ##$$a 0010-061300000016062 =008 260526################g##########0#ind## =041 ##$$a Ind =082 ##$$a 345 =090 ##$$a 343.099 8, Arm w =100 1#$$a Armada, Wina =245 1#$$a Wajah hukum pidana pers /$c Wina Armada =260 ##$$a Jakarta :$b Pustaka Kartini,$c 1989 =300 ##$$a 181 hlm. ; $c 21 X 14 cm =650 #4$$a Hukum pers =850 ##$$a NBPNMAT =020 ##$$a 979-454-033-1 =084 ##$$a 345 ARM w =990 ##$$a 100.667/pro96 =990 ##$$a 100.668/pro96 =990 ##$$a 117.278 =990 ##$$a 117.279/Pro.97 =990 ##$$a 117.279/Pro.97 =990 ##$$a 100.667/pro96 =990 ##$$a 100.668/pro96 =990 ##$$a 117.278 =990 ##$$a 117.278 =990 ##$$a 100.667/pro96 =990 ##$$a 100.668/pro96 =990 ##$$a 117.279/Pro.97